000 00864nas a2200277 4500
001 BR2011000477
003 BR-BrBNA
005 20231205114932.0
007 ta
008 230509b bl.|||p| |||| 00| 00por d
040 _aBR-BrBNA
_bpor
_cBiblioteca Nacional de Agricultura
041 _a(Pt)
072 _aQ04
100 1 _aMota, R.V. da
245 1 _aCaracterísticas químicas e aceitabilidade de geleias de amora-preta de baixo teor de sólidos solúveis
650 _aAMORA PRETA
650 _aGELEIA
650 _aADOÇANTE
650 _aASPARTAME
650 _aANTOCIANINA
650 _aVIDA-DE-PRATELEIRA
650 _aANÁLISE DE ALIMENTO
773 0 _tBrazilian Journal of Food Technology (Brazil)
_xISSN 1519-0900
_g(Apr-Jun 2007), v. 10(2) p. 116-121
_wBR2011000477
909 _a202311
_bLúcia
_c55
_dLúcia Elande
942 _2AGRIS
_n0
_cANA
999 _c211310
_d211310